000 00577nam a22002297a 4500
003 UA-OsUOA
001 22229
007 ta
008 20031217b un ||||| |||| 00| 0 ukr d
100 _aКуделько Н.А.
090 _a82
_bК88
942 _cSA
040 _aUA-OsUOA
_brus
_cUA-OsUOA
_dUA-OsUOA
245 _aТургенев и импрессионизм
300 _aС.12-60
955 _a0
041 _arus
080 _a82
044 _aUA
773 0 _w0
_tФилологические науки
_dМ.
_d2003
_g№6
650 7 _aЛітература
_2UDC
999 _c308445
_d308445